[Event "Montreal CMA Futurity ABCD"]
[Site "Montreal"]
[Date "2017.04.14"]
[Round "1"]
[White "Turgeon, Yoakim"]
[Black "Yergeau, Simon"]
[Result "0-1"]
[WhiteElo "1822"]
[BlackElo "1646"]
[PlyCount "64"]
[EventDate "2017.04.14"]
[EventType "swiss"]
[EventRounds "5"]
[EventCountry "CAN"]
[SourceTitle "EXT 2022"]
[Source "ChessBase"]
[SourceDate "2021.10.06"]
[SourceVersion "1"]
[SourceVersionDate "2021.10.06"]
[SourceQuality "1"]

1. d4 d5 2. e3 Bf5 3. c4 c6 4. cxd5 cxd5 5. Bb5+ Nc6 6. Nf3 Bxb1 7. Bxc6+ bxc6 8. Rxb1 Qa5+ 9. Bd2 Qxa2 10. Ne5 Qa6 11. Qf3 Nf6 12. g4 g5 13. h4 Rg8 14. hxg5 Rxg5 15. e4 dxe4 16. Qb3 Rxe5 17. dxe5 Nxg4 18. Rxh7 Nxe5 19. Kd1 Qf1+ 20. Kc2 Qxf2 21. Qe3 Qf5 22. Rh4 Ng4 23. Qg5 Qxg5 24. Bxg5 f5 25. Kd2 0-0-0+ 26. Ke2 Re8 27. Rh7 Kd7 28. Rf1 Ke6 29. Be3 Nxe3 30. Kxe3 Ke5 31. Rf7 e6 32. Rxa7 Bc5+ 0-1

[Event "Gatineau Outaouais op U1900"]
[Site "Gatineau"]
[Date "2014.06.??"]
[Round "4"]
[White "Lavergne, Daniel"]
[Black "Yergeau, Simon"]
[Result "0-1"]
[WhiteElo "1747"]
[BlackElo "1549"]
[PlyCount "60"]
[EventDate "2014.06.??"]
[EventType "swiss"]
[EventRounds "5"]
[EventCountry "CAN"]
[SourceTitle "EXT 2022"]
[Source "ChessBase"]
[SourceDate "2021.10.06"]
[SourceVersion "1"]
[SourceVersionDate "2021.10.06"]
[SourceQuality "1"]

1. e4 c6 2. Nf3 d5 3. Nc3 dxe4 4. Nxe4 Nd7 5. d4 Ngf6 6. Neg5 e6 7. Bd3 Bd6 8. 0-0 h6 9. Nxf7 Kxf7 10. Re1 Re8 11. Ne5+ Kg8 12. Qf3 Bxe5 13. dxe5 Nh7 14. Qe4 Nhf8 15. b4 a5 16. Re3 Qg5 17. h4 Qf5 18. Qd4 Qh5 19. Be2 Qf5 20. g4 Qxc2 21. Bd1 c5 22. Qd6 Qc4 23. Rg3 Qd4 24. Qxd4 cxd4 25. g5 hxg5 26. Rxg5 Nh7 27. Rg4 Nxe5 28. Rxd4 Nc6 29. Rg4 e5 30. b5 Bxg4 0-1